Bon Jovi Songs by First Line - Statistics

General Stats
  • This quiz has been taken 113 times
  • The average score is 9 of 20
Answer Stats
Hint Answer % Correct
Shot through the heart You Give Love a Bad Name
95%
This ain't a song for the broken-hearted It's My Life
87%
Once upon a time not so long ago Livin' On a Prayer
81%
On the street where you live girls talk about their social lives Runaway
75%
It's all the same, only the names will change Wanted Dead or Alive
73%
Why you wanna tell me how to live my life? Have a Nice Day
55%
Mother, mother, tell your children Keep The Faith
54%
I guess this time you're really leaving I'll be There for You
48%
Hey, man I'm alive I'm takin' each day and night at a time Someday I'll be Saturday Night
44%
I wake up in the morning Blaze of Glory
41%
You - you got a nasty reputation Raise Your Hands
37%
These four walls have got a story to tell This House is not for Sale
32%
I was walking around These Days
29%
I don't wanna be another wave in the ocean Because We Can
23%
They say that to really free your body Lay Your Hands on Me
23%
I been knocked down so many times Bounce
22%
It's a hot night, the natives are restless One Wild Night
22%
That was my brother lost in the rubble Undivided
18%
Come see a living, breathing spectacle Last Man Standing
14%
Another long and sleepless night Only Lonely
14%
No matching quizzes found
Score Distribution
Percent of People with Each Score
Percentile by Number Answered
Your Score History
You have not taken this quiz